000 00397cam a2200169 4500
001 D13407
008 090401t1939 xxu||||| |||| 00| 0 eng d
035 _a(Sirsi) u9576
041 _aeng
100 _aMegarry, R.E.
245 3 _aAn introduction to the rent Acts
260 _bLaw Notes Lending Library Ltd
_c1939
350 _a0
520 _aShelf 132
942 _n0
948 _c04/03/1997
999 _c86643
_d86643